Turecko a EÚ 2013: vysoký hrebienok a stiahnutý chvost?
Retro pohľad na otázku členstva Turecka v Európskej únii. Rokovania v patovej situácii. Pochybnosti aj na strane Turecka. Rokovania ešte nie sú minulosťou.
Salvato in:
| Autore principale: | |
|---|---|
| Natura: | Capitolo di libro |
| Lingua: | slovacco |
| Soggetti: | |
| Tags: |
Nessun Tag, puoi essere il primo ad aggiungerne!!
|
MARC
| LEADER | 00000naa a2200000 4500 | ||
|---|---|---|---|
| 001 | 0165799 | ||
| 005 | 20231018094404.4 | ||
| 041 | 0 | |a slo | |
| 044 | |a SK | ||
| 245 | 1 | 0 | |a Turecko a EÚ 2013: vysoký hrebienok a stiahnutý chvost? |c Lucia Najšlová |
| 520 | |a Retro pohľad na otázku členstva Turecka v Európskej únii. Rokovania v patovej situácii. Pochybnosti aj na strane Turecka. Rokovania ešte nie sú minulosťou. | ||
| 610 | 2 | 0 | |a integrácia ekonomická medzinárodná |
| 610 | 2 | 0 | |a spolupráca hospodárska medzinárodná |
| 610 | 2 | 0 | |a politika medzinárodná |
| 610 | 2 | 0 | |a Turecko |
| 610 | 2 | 0 | |a Európska únia |
| 100 | 1 | |a Najšlová, Lucia | |